000 00468nam a2200169Ia 4500
005 20250923144430.0
008 008 250917s9999 xx 000 0 eng d
037 _aTextual
040 _aDSWL
_beng
_cDSWL
041 _aeng
_2eng
084 _aX:9n2:N47, J0
_qDSWL
245 4 _aThe Indian labour year book 1949
_cby Labour Bureau Got. Of India
260 _c1951
300 _a520 p.
942 _cTEXL
_hX:9n2:N47, J0
999 _c1438816
_d1438816